000
00318nam a2200133Ia 4500
005
20260328104338.0
008
260328s9999||||xx |||||||||||||| ||und||
100
_a
Vergel, Jorge
245
0
_a
Edgar Bueno en perpectiva /
_c
Jorge Vergel
260
_b
Panamericana
300
_a
67 p.
650
_a
DIBUJO
942
_c
BK
999
_c
12005
_d
12005